[Event "Joao Pessoa Fischer Memorial 11th"]
[Site "Joao Pessoa"]
[Date "2022.05.07"]
[Round "3"]
[White "Da Silva, Joao Carlos Orguim"]
[Black "Espinola, Jose Mario"]
[Result "1-0"]
[WhiteElo "1781"]
[BlackElo "1590"]
[PlyCount "87"]
[EventDate "2022.05.06"]
[EventType "swiss"]
[EventRounds "6"]
[EventCountry "BRA"]
[SourceTitle "EXT 2023"]
[Source "ChessBase"]
[SourceDate "2022.10.05"]
[SourceVersion "1"]
[SourceVersionDate "2022.10.05"]
[SourceQuality "1"]

1. e4 e5 2. c4 Bc5 3. g3 d6 4. d3 Nf6 5. h3 h6 6. Bg2 Nc6 7. Ne2 a6 8. Nbc3 Be6 9. 0-0 0-0 10. Kh2 Nd7 11. f4 f6 12. f5 Bf7 13. g4 Kh7 14. h4 Rh8 15. h5 Re8 16. Ng1 Ne7 17. Nf3 c6 18. Nh4 Kh8 19. Ng6+ Nxg6 20. hxg6 Bg8 21. Kg3 b5 22. b3 Bd4 23. Bd2 b4 24. Na4 Bxa1 25. Qxa1 a5 26. Qc1 Bxc4 27. dxc4 Kg8 28. Be3 c5 29. Rd1 Qc7 30. Qd2 Ra6 31. Qd5+ Kh8 32. Rh1 Nf8 33. Bxh6 gxh6 34. Rxh6+ Kg7 35. Qd2 Ra7 36. g5 Qe7 37. gxf6+ Qxf6 38. Nb6 Ne6 39. Nd5 Qg5+ 40. Qxg5 Nxg5 41. Rh5 Rf8 42. Rxg5 a4 43. Rh5 Rh8 44. f6+ 1-0

[Event "Joao Pessoa Fischer Memorial 11th"]
[Site "Joao Pessoa"]
[Date "2022.05.06"]
[Round "1"]
[White "Vicentin, Marcos Tadeu"]
[Black "Espinola, Jose Mario"]
[Result "1-0"]
[WhiteElo "1959"]
[BlackElo "1590"]
[PlyCount "43"]
[EventDate "2022.05.06"]
[EventType "swiss"]
[EventRounds "6"]
[EventCountry "BRA"]
[SourceTitle "EXT 2023"]
[Source "ChessBase"]
[SourceDate "2022.10.05"]
[SourceVersion "1"]
[SourceVersionDate "2022.10.05"]
[SourceQuality "1"]

1. e4 e5 2. Bc4 Nc6 3. d3 Be7 4. Nc3 Nf6 5. f4 d6 6. Nf3 a6 7. f5 Na5 8. 0-0 Nxc4 9. dxc4 0-0 10. Qd3 c6 11. Kh1 Nd7 12. Be3 Qa5 13. Rab1 Rd8 14. a4 Qc7 15. g4 f6 16. Rg1 h6 17. h4 Kh7 18. g5 Rh8 19. gxh6 gxh6 20. Rg6 Bf8 21. Qd2 h5 22. Rbg1 1-0

[Event "Pessoense Master 6th"]
[Site "Joao Pessoa"]
[Date "2020.03.15"]
[Round "11"]
[White "De Moura Filho, Eny Nobrega"]
[Black "Espinola, Jose Mario"]
[Result "0-1"]
[WhiteElo "1379"]
[BlackElo "1572"]
[PlyCount "78"]
[EventDate "2020.03.07"]
[EventType "tourn"]
[EventRounds "11"]
[EventCountry "BRA"]
[SourceTitle "CBM 195 Extra"]
[Source "ChessBase"]
[SourceDate "2020.05.31"]
[SourceVersion "1"]
[SourceVersionDate "2020.05.31"]
[SourceQuality "1"]

1. d4 Nf6 2. Nc3 d5 3. Bg5 e6 4. e4 Be7 5. e5 Nfd7 6. Bxe7 Qxe7 7. Nb5 Nb6 8. Bd3 Na6 9. a3 Bd7 10. Qg4 f5 11. Qe2 0-0 12. f4 Rfc8 13. Nf3 Nb8 14. h4 a6 15. Nc3 c5 16. Qf2 c4 17. Be2 Na4 18. Rb1 Nxc3 19. bxc3 Qxa3 20. Qe3 b5 21. Ng5 a5 22. Qf3 h6 23. Qh3 Qe7 24. Bh5 Rf8 25. Bg6 Be8 26. Bh7+ Kh8 27. g4 g6 28. gxf5 gxf5 29. Rg1 Bh5 30. Bg6 Bxg6 31. h5 Be8 32. Nxe6 Qxe6 33. Rxb5 Rg8 34. Rxg8+ Kxg8 35. Qg3+ Kh8 36. Rb7 Nd7 37. Rb1 Bf7 38. Kd2 a4 39. Rg1 Rg8 0-1

[Event "Pessoense Master 6th"]
[Site "Joao Pessoa"]
[Date "2020.03.11"]
[Round "6"]
[White "Teixeira, Alexandre Cesar Fer"]
[Black "Espinola, Jose Mario"]
[Result "1/2-1/2"]
[WhiteElo "1502"]
[BlackElo "1572"]
[PlyCount "38"]
[EventDate "2020.03.07"]
[EventType "tourn"]
[EventRounds "11"]
[EventCountry "BRA"]
[SourceTitle "CBM 195 Extra"]
[Source "ChessBase"]
[SourceDate "2020.05.31"]
[SourceVersion "1"]
[SourceVersionDate "2020.05.31"]
[SourceQuality "1"]

1. d4 Nf6 2. Bf4 g6 3. Nf3 Bg7 4. e3 d5 5. Bd3 Bg4 6. Nbd2 b6 7. h3 Bxf3 8. Nxf3 a6 9. c3 Nbd7 10. Qc2 g5 11. Be5 c5 12. Bxf6 Bxf6 13. Be2 cxd4 14. Nxd4 e6 15. Bh5 Bxd4 16. exd4 Nf6 17. Bf3 Qe7 18. 0-0-0 0-0-0 19. Kb1 Kb8 1/2-1/2

[Event "Pessoense Master 6th"]
[Site "Joao Pessoa"]
[Date "2020.03.08"]
[Round "3"]
[White "Espinola, Jose Mario"]
[Black "Canonico, Rodrigo"]
[Result "1/2-1/2"]
[WhiteElo "1572"]
[BlackElo "1700"]
[PlyCount "80"]
[EventDate "2020.03.07"]
[EventType "tourn"]
[EventRounds "11"]
[EventCountry "BRA"]
[SourceTitle "CBM 195 Extra"]
[Source "ChessBase"]
[SourceDate "2020.05.31"]
[SourceVersion "1"]
[SourceVersionDate "2020.05.31"]
[SourceQuality "1"]

1. d4 f5 2. c4 Nf6 3. Nc3 g6 4. h3 Bg7 5. Bf4 0-0 6. e3 d6 7. Nf3 Nc6 8. Be2 Qe8 9. 0-0 e5 10. dxe5 dxe5 11. Bg5 Be6 12. Bxf6 Bxf6 13. e4 f4 14. Qc1 Ne7 15. Nd5 Nxd5 16. cxd5 Bd7 17. Qxc7 Rf7 18. Qd6 Rd8 19. Qa3 a6 20. Rac1 g5 21. Nd2 Rg7 22. f3 h5 23. Rc7 g4 24. fxg4 hxg4 25. hxg4 Qg6 26. Rfc1 Bh4 27. Qh3 Rh7 28. Qf3 Bg3 29. Nf1 Qh6 30. Nxg3 Qh2+ 31. Kf2 Rh3 32. Ke1 Rxg3 33. Rxd7 Rxd7 34. Rc8+ Kg7 35. Qf1 Rxg2 36. Kd2 Qg3 37. Rc3 Qxg4 38. Qf3 Qxf3 39. Rxf3 Rg3 40. Rf2 Kf6 1/2-1/2

[Event "Joao Pessoa de Assis Memorial 1st"]
[Site "Joao Pessoa"]
[Date "2019.11.17"]
[Round "5"]
[White "De Albuquerque, Helio Sergio"]
[Black "Espinola, Jose Mario"]
[Result "0-1"]
[WhiteElo "1800"]
[BlackElo "1588"]
[PlyCount "78"]
[EventDate "2019.11.15"]
[EventType "swiss"]
[EventRounds "6"]
[EventCountry "BRA"]
[SourceTitle "EXT 2021"]
[Source "ChessBase"]
[SourceDate "2020.10.23"]
[SourceVersion "1"]
[SourceVersionDate "2020.10.23"]
[SourceQuality "1"]

1. c3 e5 2. Qc2 d5 3. e3 a6 4. c4 c6 5. c5 Nd7 6. b4 Ndf6 7. Nc3 Nh6 8. Bb2 Bf5 9. Qa4 Qc7 10. Nf3 Nd7 11. Nh4 Be6 12. d4 e4 13. Ba3 Be7 14. g3 Bxh4 15. gxh4 Qd8 16. h5 Qh4 17. b5 Ng4 18. 0-0-0 Nb8 19. bxc6 Nxc6 20. Nb5 0-0 21. Nc7 Rad8 22. Nxe6 fxe6 23. Rd2 Nxf2 24. Rg1 Qxh2 25. Rg2 Qh4 26. Kb1 Rd7 27. Bxa6 Qh1+ 28. Kc2 Qxg2 29. Bxb7 Nb8 30. c6 Rff7 31. cxd7 Nxd7 32. Qa8+ Nf8 33. Bd6 Qg1 34. a4 Nd3 35. Qe8 Qf1 36. Kc3 Qa1+ 37. Kc2 Qb2+ 38. Kd1 Qc1+ 39. Ke2 Qe1# 0-1

[Event "Joao Pessoa de Assis Memorial 1st"]
[Site "Joao Pessoa"]
[Date "2019.11.16"]
[Round "3"]
[White "Da Silva, Camila Evaristo"]
[Black "Espinola, Jose Mario"]
[Result "1-0"]
[WhiteElo "1659"]
[BlackElo "1588"]
[PlyCount "93"]
[EventDate "2019.11.15"]
[EventType "swiss"]
[EventRounds "6"]
[EventCountry "BRA"]
[SourceTitle "CBM 193 Extra"]
[Source "ChessBase"]
[SourceDate "2020.01.31"]
[SourceVersion "1"]
[SourceVersionDate "2020.01.31"]
[SourceQuality "1"]

1. d4 Nf6 2. Bf4 d5 3. e3 e6 4. Nf3 h6 5. h3 Bd6 6. Bxd6 Qxd6 7. c3 a6 8. Bd3 c5 9. 0-0 c4 10. Bc2 0-0 11. Nbd2 Nc6 12. e4 Ne8 13. Re1 b5 14. a3 Nc7 15. e5 Qe7 16. Nh2 g6 17. Ng4 Kg7 18. Nf6 Ne8 19. Nxe8+ Rxe8 20. Nf1 Qg5 21. Re3 a5 22. Rg3 Qd8 23. Qh5 Ne7 24. Ne3 Rh8 25. Qf3 Ng8 26. Qh5 Qe8 27. f4 Ne7 28. Rf1 Kf8 29. Qh4 Bd7 30. Ng4 Ng8 31. Nf6 Nxf6 32. Qxf6 Rg8 33. Rxg6 Qd8 34. Rxg8+ Kxg8 35. Qxh6 Qf8 36. Qf6 Re8 37. Rf3 Qg7 38. Qg5 Qxg5 39. fxg5 Kg7 40. h4 Rh8 41. g3 Rb8 42. h5 b4 43. axb4 axb4 44. h6+ Kg8 45. g6 bxc3 46. Rxf7 Be8 47. h7+ 1-0

[Event "Joao Pessoa Caldas Memorial 5th"]
[Site "Joao Pessoa"]
[Date "2019.09.21"]
[Round "11"]
[White "Espinola, Jose Mario"]
[Black "Da Silva, Antonio Dutra"]
[Result "1/2-1/2"]
[WhiteElo "1565"]
[BlackElo "1763"]
[PlyCount "117"]
[EventDate "2019.09.11"]
[EventType "tourn"]
[EventRounds "11"]
[EventCountry "BRA"]
[SourceTitle "CBM 195 Extra"]
[Source "ChessBase"]
[SourceDate "2020.05.31"]
[SourceVersion "1"]
[SourceVersionDate "2020.05.31"]
[SourceQuality "1"]

1. d4 Nf6 2. c4 e6 3. a3 c5 4. Nf3 d5 5. dxc5 Bxc5 6. cxd5 Nxd5 7. e4 Nf6 8. Qxd8+ Kxd8 9. Bg5 Be7 10. Bd3 h6 11. Bh4 Nc6 12. h3 g5 13. Bg3 Nh5 14. Bh2 Bf6 15. e5 Bg7 16. 0-0 Nf4 17. Bxf4 gxf4 18. Re1 Ke7 19. Nc3 Rd8 20. Bb5 Bd7 21. Rad1 Rac8 22. Re2 Be8 23. Rde1 a6 24. Ba4 b5 25. Bc2 b4 26. Na2 bxa3 27. bxa3 Na5 28. a4 Rc4 29. Nc1 Bxa4 30. Bxa4 Rxa4 31. Na2 h5 32. Rc2 Ke8 33. Rce2 Rd3 34. Nc1 Rc3 35. Ra2 Rxa2 36. Nxa2 Ra3 37. Nb4 Nc4 38. Re4 Nb6 39. Rxf4 a5 40. Na6 Ra4 41. Rxa4 Nxa4 42. Nb8 Nc5 43. Nc6 a4 44. Nb4 Nd7 45. Kf1 Nxe5 46. Nxe5 Bxe5 47. Ke2 a3 48. Kd2 Kd7 49. Kc2 f5 50. Kb3 Bb2 51. Nd3 Kd6 52. Nf4 h4 53. Ng6 Bf6 54. Kxa3 Kd5 55. Nf4+ Ke5 56. Ne2 Ke4 57. Kb3 Bd4 58. Nxd4 Kxd4 59. Kc2 1/2-1/2

[Event "Joao Pessoa Caldas Memorial 5th"]
[Site "Joao Pessoa"]
[Date "2019.09.20"]
[Round "10"]
[White "Dantas, Francisco"]
[Black "Espinola, Jose Mario"]
[Result "1-0"]
[WhiteElo "1948"]
[BlackElo "1565"]
[PlyCount "37"]
[EventDate "2019.09.11"]
[EventType "tourn"]
[EventRounds "11"]
[EventCountry "BRA"]
[SourceTitle "CBM 195 Extra"]
[Source "ChessBase"]
[SourceDate "2020.05.31"]
[SourceVersion "1"]
[SourceVersionDate "2020.05.31"]
[SourceQuality "1"]

1. d4 d5 2. c4 c6 3. Nf3 Bf5 4. cxd5 cxd5 5. Nc3 a6 6. Qb3 Qc8 7. Qxd5 Be6 8. Qa5 f6 9. e4 Nd7 10. Be2 Bc4 11. 0-0 b6 12. Qb4 Bxe2 13. Nxe2 e6 14. Qb3 Kf7 15. Bf4 g5 16. Rac1 Qb7 17. Bxg5 Qxe4 18. Be3 Qb7 19. Nf4 1-0

[Event "Joao Pessoa Caldas Memorial 5th"]
[Site "Joao Pessoa"]
[Date "2019.09.19"]
[Round "9"]
[White "De Oliveira, Genivaldo Manoel"]
[Black "Espinola, Jose Mario"]
[Result "0-1"]
[WhiteElo "1636"]
[BlackElo "1565"]
[PlyCount "58"]
[EventDate "2019.09.11"]
[EventType "tourn"]
[EventRounds "11"]
[EventCountry "BRA"]
[SourceTitle "CBM 195 Extra"]
[Source "ChessBase"]
[SourceDate "2020.05.31"]
[SourceVersion "1"]
[SourceVersionDate "2020.05.31"]
[SourceQuality "1"]

1. b3 e5 2. Bb2 d6 3. e3 Be7 4. Ne2 Bf6 5. c4 Ne7 6. Ng3 g6 7. Be2 Nbc6 8. 0-0 Bg7 9. f4 0-0 10. Nc3 exf4 11. Rxf4 a6 12. d4 Bh6 13. Nge4 f5 14. Nd5 fxe4 15. Nf6+ Kg7 16. Rxe4 Kxf6 17. d5+ Kf7 18. dxc6 bxc6 19. Rh4 Bxe3+ 20. Kh1 Kg8 21. Qd3 Bg5 22. Rh6 Bf6 23. Bxf6 Rxf6 24. Qd4 Nf5 25. Qf4 Nxh6 26. Qxh6 Qf8 27. Qg5 Bb7 28. Bf3 Rxf3 29. gxf3 Qxf3+ 0-1

[Event "Joao Pessoa Caldas Memorial 5th"]
[Site "Joao Pessoa"]
[Date "2019.09.18"]
[Round "8"]
[White "Espinola, Jose Mario"]
[Black "Baltar, Petrov Ferreira"]
[Result "1-0"]
[WhiteElo "1565"]
[BlackElo "1661"]
[PlyCount "103"]
[EventDate "2019.09.11"]
[EventType "tourn"]
[EventRounds "11"]
[EventCountry "BRA"]
[SourceTitle "CBM 195 Extra"]
[Source "ChessBase"]
[SourceDate "2020.05.31"]
[SourceVersion "1"]
[SourceVersionDate "2020.05.31"]
[SourceQuality "1"]

1. d4 Nf6 2. c4 g6 3. Nc3 Bg7 4. e4 d6 5. Be2 0-0 6. Nf3 e5 7. d5 Ne8 8. Bg5 f6 9. Bh4 Nd7 10. 0-0 a5 11. Nd2 g5 12. Bg3 Nc5 13. f3 f5 14. Qc2 f4 15. Bf2 h5 16. Bxc5 dxc5 17. Qd1 Nf6 18. h3 Rf7 19. Re1 Bd7 20. a4 Bf8 21. Kf2 Rg7 22. Rg1 g4 23. hxg4 hxg4 24. Qf1 Nh5 25. Ke1 Ng3 26. Qf2 Nxe2 27. Kxe2 g3 28. Qf1 Rh7 29. Rh1 Rh2 30. Rxh2 gxh2 31. Qh1 Qh4 32. Nf1 Be7 33. Qxh2 Kf7 34. Qxh4 Bxh4 35. Nd2 Rg8 36. Rg1 Bh3 37. Kf1 Rg7 38. gxh3 Bg3 39. Ne2 Bh4 40. Rxg7+ Kxg7 41. Nb3 b6 42. Nc3 Bd8 43. Nc1 Kf6 44. Nd3 Be7 45. Nb5 Bd6 46. h4 Kg6 47. Kg2 Kh6 48. Kh3 Kh5 49. Nf2 Be7 50. Ng4 Bxh4 51. Nxe5 Bf6 52. Nd3 1-0

[Event "Joao Pessoa Caldas Memorial 5th"]
[Site "Joao Pessoa"]
[Date "2019.09.16"]
[Round "6"]
[White "Espinola, Jose Mario"]
[Black "Gomes, Genildo de Souza"]
[Result "1/2-1/2"]
[WhiteElo "1565"]
[BlackElo "1651"]
[PlyCount "111"]
[EventDate "2019.09.11"]
[EventType "tourn"]
[EventRounds "11"]
[EventCountry "BRA"]
[SourceTitle "CBM 195 Extra"]
[Source "ChessBase"]
[SourceDate "2020.05.31"]
[SourceVersion "1"]
[SourceVersionDate "2020.05.31"]
[SourceQuality "1"]

1. d4 d5 2. c4 c6 3. c5 Bf5 4. Bf4 Nd7 5. Nf3 Ngf6 6. h3 h6 7. Nc3 b6 8. b4 a5 9. a3 g5 10. Bg3 Bg7 11. e3 Ne4 12. Nxe4 Bxe4 13. cxb6 Qxb6 14. bxa5 Rxa5 15. Nd2 Bh7 16. Qc1 c5 17. dxc5 Rxc5 18. Qd1 Bxa1 19. Qxa1 0-0 20. Be2 Rc2 21. Bd1 Qb2 22. Qxb2 Rxb2 23. Nf3 Bc2 24. 0-0 Ra8 25. Bxc2 Rxc2 26. Ra1 Ra4 27. Rd1 e6 28. Bd6 Rac4 29. Nd4 Rc1 30. Rxc1 Rxc1+ 31. Kh2 Nc5 32. f3 Na4 33. Kg3 Ra1 34. h4 gxh4+ 35. Kxh4 Nc3 36. Kh5 Kh7 37. Kg4 Rb1 38. Bb4 Nd1 39. Kf4 Nf2 40. Bd6 Rb2 41. g4 Rb6 42. Be7 Kg6 43. Kg3 Nd3 44. f4 f5 45. Nf3 Kf7 46. Bb4 fxg4 47. Kxg4 Nxb4 48. axb4 Rxb4 49. Kh5 Re4 50. Ne5+ Kg7 51. Ng4 d4 52. exd4 Rxf4 53. Nxh6 Rxd4 54. Ng4 Rd5+ 55. Kh4 Kg6 56. Kg3 1/2-1/2

[Event "Joao Pessoa Caldas Memorial 5th"]
[Site "Joao Pessoa"]
[Date "2019.09.13"]
[Round "3"]
[White "Urquiza, Marcello de Albuque"]
[Black "Espinola, Jose Mario"]
[Result "1-0"]
[WhiteElo "2059"]
[BlackElo "1565"]
[PlyCount "55"]
[EventDate "2019.09.11"]
[EventType "tourn"]
[EventRounds "11"]
[EventCountry "BRA"]
[SourceTitle "CBM 195 Extra"]
[Source "ChessBase"]
[SourceDate "2020.05.31"]
[SourceVersion "1"]
[SourceVersionDate "2020.05.31"]
[SourceQuality "1"]

1. e4 e5 2. Nf3 d6 3. d4 exd4 4. Nxd4 Nf6 5. Nc3 Be7 6. Bc4 Bd7 7. 0-0 0-0 8. Kh1 Nc6 9. f4 Nxd4 10. Qxd4 Bc6 11. b4 b6 12. b5 Bb7 13. Bb2 Nd7 14. Nd5 Bf6 15. Nxf6+ Nxf6 16. Rae1 Ne8 17. Re3 Kh8 18. Rg3 f6 19. f5 Qe7 20. Be6 c5 21. bxc6 Bxc6 22. Ba3 Rd8 23. Rf4 Nc7 24. Bb3 Qe5 25. Rh4 h6 26. Qd2 Qe7 27. Rg6 Rd7 28. Rgxh6+ 1-0

[Event "Joao Pessoa U2100 3rd"]
[Site "Joao Pessoa"]
[Date "2019.07.19"]
[Round "6.5"]
[White "Espinola, Jose Mario"]
[Black "Teixeira, Alexandre Cesar Fer"]
[Result "1-0"]
[WhiteElo "1584"]
[BlackElo "1525"]
[PlyCount "100"]
[EventDate "2019.07.14"]
[EventType "tourn"]
[EventRounds "11"]
[EventCountry "BRA"]
[SourceTitle "EXT 2022"]
[Source "ChessBase"]
[SourceDate "2021.10.06"]
[SourceVersion "1"]
[SourceVersionDate "2021.10.06"]
[SourceQuality "1"]

1. d4 c6 2. c4 d5 3. c5 g6 4. Bf4 Bg7 5. e3 Nf6 6. h3 Qa5+ 7. Nd2 0-0 8. Bd3 Nh5 9. Bh2 Nd7 10. g4 Nhf6 11. a3 Re8 12. Ngf3 Qd8 13. 0-0 e6 14. Qa4 Kh8 15. b4 b5 16. cxb6 Nxb6 17. Qxc6 Bd7 18. Qc7 Qe7 19. Rfc1 Rec8 20. Qb7 Ne8 21. Qa6 Qf6 22. Kg2 Qd8 23. Bf1 f5 24. g5 Nc7 25. Qa5 Nb5 26. Bxb5 Bxb5 27. Qxb5 Qe7 28. h4 Nd7 29. Qd3 e5 30. dxe5 Nxe5 31. Nxe5 Bxe5 32. Bxe5+ Qxe5 33. Nf3 Qe6 34. Qd4+ Kg8 35. Rc5 f4 36. Qxd5 Qxd5 37. Rxd5 fxe3 38. fxe3 Rc2+ 39. Rd2 Rc3 40. Re2 a5 41. bxa5 Rxa5 42. a4 Rc4 43. Rea2 Kf8 44. Nd4 Ke7 45. Kf3 Kd6 46. Ke4 Re5+ 47. Kd3 Kd5 48. Rh1 Kc5 49. a5 Re7 50. a6 Ra7 1-0

[Event "Joao Pessoa Fischer Memorial 10th"]
[Site "Joao Pessoa"]
[Date "2019.03.30"]
[Round "3"]
[White "Gonzales, Alejandro Terehoff"]
[Black "Espinola, Jose Mario"]
[Result "1/2-1/2"]
[WhiteElo "1751"]
[BlackElo "1584"]
[PlyCount "63"]
[EventDate "2019.03.29"]
[EventType "swiss"]
[EventRounds "6"]
[EventCountry "BRA"]
[SourceTitle "CBM 190 Extra"]
[Source "ChessBase"]
[SourceDate "2019.07.15"]
[SourceVersion "1"]
[SourceVersionDate "2019.07.15"]
[SourceQuality "1"]

1. e4 e5 2. Bc4 Nc6 3. Nf3 h6 4. Nc3 Nf6 5. d3 Be7 6. a3 d6 7. h3 Bd7 8. Be3 Qc8 9. d4 a6 10. d5 Na5 11. Bd3 b6 12. Ne2 Nb7 13. c4 Nc5 14. Ng3 g6 15. Bc2 h5 16. b4 Nb7 17. Ng5 h4 18. Nf1 c5 19. Nd2 a5 20. b5 Qd8 21. Qf3 Rh5 22. g4 Rh8 23. a4 Rf8 24. Qg2 Nxd5 25. Nxf7 Nxe3 26. fxe3 Rxf7 27. Nf3 g5 28. 0-0-0 Qc7 29. Rd2 0-0-0 30. Rf2 Rdf8 31. Rhf1 Nd8 32. Bd1 1/2-1/2

[Event "Pessoense Master U1900 2nd"]
[Site "Joao Pessoa"]
[Date "2018.07.07"]
[Round "2"]
[White "Teixeira, Alexandre Cesar Fer"]
[Black "Espinola, Jose Mario"]
[Result "1-0"]
[WhiteElo "1523"]
[BlackElo "1642"]
[PlyCount "65"]
[EventDate "2018.07.06"]
[EventType "tourn"]
[EventRounds "9"]
[EventCountry "BRA"]
[SourceTitle "EXT 2021"]
[Source "ChessBase"]
[SourceDate "2020.10.23"]
[SourceVersion "1"]
[SourceVersionDate "2020.10.23"]
[SourceQuality "1"]

1. d4 Nf6 2. Bf4 g6 3. Nf3 Bg7 4. e3 d5 5. Bd3 Bg4 6. h3 Bd7 7. Ne5 Nc6 8. c3 a6 9. Nd2 Nh5 10. Qc2 Nxf4 11. exf4 e6 12. Ndf3 Qe7 13. Nxd7 Kxd7 14. Ne5+ Nxe5 15. fxe5 Qg5 16. 0-0 h5 17. Qa4+ c6 18. Qb4 Kc8 19. c4 dxc4 20. Bxc4 Bf8 21. Qb6 Qd8 22. Qb3 Qd7 23. Rad1 Bh6 24. Qf3 Rd8 25. b4 Bf8 26. a3 b5 27. Bb3 Kb7 28. a4 Bxb4 29. axb5 axb5 30. Rc1 Rf8 31. d5 exd5 32. Rxc6 Qxc6 33. Bxd5 1-0

[Event "Pessoense Master U1900 2nd"]
[Site "Joao Pessoa"]
[Date "2018.07.06"]
[Round "1"]
[White "Da Silva, Antonio Dutra"]
[Black "Espinola, Jose Mario"]
[Result "1-0"]
[WhiteElo "1784"]
[BlackElo "1642"]
[PlyCount "73"]
[EventDate "2018.07.06"]
[EventType "tourn"]
[EventRounds "9"]
[EventCountry "BRA"]
[SourceTitle "EXT 2021"]
[Source "ChessBase"]
[SourceDate "2020.10.23"]
[SourceVersion "1"]
[SourceVersionDate "2020.10.23"]
[SourceQuality "1"]

1. c4 e5 2. Nc3 f5 3. d4 Nc6 4. dxe5 Nxe5 5. e4 d6 6. Bf4 Ng6 7. Be3 Nf6 8. exf5 Bxf5 9. h3 Be7 10. Nf3 a6 11. Be2 Qd7 12. Nd4 Be6 13. Qb3 c5 14. Nxe6 Qxe6 15. Qxb7 0-0 16. b3 Rfb8 17. Qf3 Ne5 18. Qg3 Rf8 19. 0-0 Kh8 20. Rad1 Rad8 21. Rd2 h6 22. Rfd1 Nf7 23. Bf3 Ne5 24. Be2 Rfe8 25. f4 Nf7 26. Rf1 Ne4 27. Nxe4 Qxe4 28. Bd3 Qe6 29. Re2 Qf6 30. Bg6 Rf8 31. Bf2 Rd7 32. Qg4 Rc7 33. Re6 Qb2 34. Bb1 g5 35. Rfe1 Bd8 36. Qh5 Qg7 37. Rg6 1-0

[Event "Joao Pessoa Master U1900 1st"]
[Site "Joao Pessoa"]
[Date "2017.11.22"]
[Round "8.1"]
[White "Espinola, Jose Mario"]
[Black "Gomes, Genildo de Souza"]
[Result "1-0"]
[WhiteElo "1716"]
[BlackElo "1574"]
[PlyCount "119"]
[EventDate "2017.10.04"]
[EventType "tourn"]
[EventRounds "9"]
[EventCountry "BRA"]
[SourceTitle "EXT 2022"]
[Source "ChessBase"]
[SourceDate "2021.10.06"]
[SourceVersion "1"]
[SourceVersionDate "2021.10.06"]
[SourceQuality "1"]

1. d4 Nf6 2. c4 d5 3. Bf4 g6 4. h3 Bg7 5. e3 0-0 6. Nf3 Nbd7 7. c5 c6 8. Nc3 Qa5 9. Qd2 Qd8 10. a3 Ne4 11. Qc1 Re8 12. Nxe4 dxe4 13. Nd2 Nf6 14. Bc4 Be6 15. Bxe6 fxe6 16. 0-0 Qd5 17. Nb1 Qd7 18. Nc3 Rf8 19. Be5 Rf7 20. Qc2 Raf8 21. Nxe4 Nxe4 22. Bxg7 Kxg7 23. Qxe4 Qd5 24. Qxd5 exd5 25. f4 h5 26. g4 Rh8 27. Kg2 Kf6 28. Rh1 h4 29. Rhf1 Rhf8 30. b4 a6 31. a4 Ra8 32. a5 Raf8 33. Ra2 g5 34. fxg5+ Kxg5 35. Raf2 Rxf2+ 36. Rxf2 Rf6 37. Rf3 e6 38. Rxf6 Kxf6 39. Kf3 e5 40. dxe5+ Kxe5 41. g5 Kf5 42. g6 Kxg6 43. Kg4 Kf6 44. Kxh4 Kf5 45. Kg3 Kg5 46. h4+ Kh5 47. Kh3 Kg6 48. Kg4 Kh6 49. h5 Kh7 50. Kg5 Kh8 51. Kf6 Kh7 52. Ke5 Kh6 53. e4 dxe4 54. Kxe4 Kxh5 55. Ke5 Kg6 56. Kd6 Kf6 57. Kc7 Ke6 58. Kxb7 Kd5 59. Kxa6 Kc4 60. Kb6 1-0

[Event "Joao Pessoa Master U1900 1st"]
[Site "Joao Pessoa"]
[Date "2017.11.15"]
[Round "7.1"]
[White "Galindo, Luciano Dutra"]
[Black "Espinola, Jose Mario"]
[Result "0-1"]
[WhiteElo "1694"]
[BlackElo "1716"]
[PlyCount "94"]
[EventDate "2017.10.04"]
[EventType "tourn"]
[EventRounds "9"]
[EventCountry "BRA"]
[SourceTitle "EXT 2022"]
[Source "ChessBase"]
[SourceDate "2021.10.06"]
[SourceVersion "1"]
[SourceVersionDate "2021.10.06"]
[SourceQuality "1"]

1. d4 d5 2. c4 c6 3. Nf3 Bf5 4. e3 e6 5. cxd5 exd5 6. Bd3 Bxd3 7. Qxd3 Nf6 8. 0-0 Bd6 9. Nbd2 Qe7 10. a3 0-0 11. b4 a6 12. Bb2 Re8 13. Rac1 Nbd7 14. Rfe1 Ne4 15. Nf1 f5 16. Ng3 g6 17. Nd2 Qg5 18. Nf3 Qh6 19. Ne5 Ndf6 20. Rc2 Qg7 21. f3 Nxg3 22. hxg3 h5 23. Kf2 Nd7 24. e4 fxe4 25. fxe4 Nxe5 26. dxe5 Bxe5 27. Bxe5 Qxe5 28. Rce2 d4 29. Qc4+ Kg7 30. Kg1 Rf8 31. Qd3 a5 32. Rc2 axb4 33. axb4 Rad8 34. Rc5 Qf6 35. Rc2 Qe6 36. e5 Rd5 37. Rc5 Rfd8 38. Qe4 b6 39. Rxd5 Rxd5 40. Rd1 c5 41. bxc5 bxc5 42. Rb1 Qxe5 43. Rb7+ Kh6 44. Qc2 Qxg3 45. Rb6 Re5 46. Rb1 Qe3+ 47. Kh1 Re4 0-1